Los lusiadas /

Guardado en:
Autor Principal: Camoens, Luis De
Formato: Libro
Publicado: Madrid : Navarro, 1887
Series:Bibl. Clásica
Materias:
Etiquetas: Agregar Etiqueta
Sin Etiquetas, Sea el primero en etiquetar este registro!
LEADER 00525nam a22001935a 4500
001 CEM.cems001369
005 20060214000000.0
008 130507s1887##################000#0#####d
003 CEMS
082 0 4 |a 869.13 
100 1 |a Camoens, Luis De 
245 1 0 |a Los lusiadas /  |c Luis de Camoens 
260 |a Madrid :  |b Navarro,  |c 1887 
300 |a 456 p. 
490 0 |a Bibl. Clásica 
653 |a Epica portuguesa 
653 |a Literatura 
653 |a Literatura portuguesa 
859 |a CEMS  |b BIB. CEMS - 11 de abril  |h 869.13  |i C149  |p 10315.81  |t Ej.1